000 00416nam a2200169Ia 4500
001 26295
003 IN-NITTTR
005 20251114233331.0
008 251113s9999||||xx |||||||||||||| ||eng||
040 _beng
040 _cIN-NITTTR
041 _aeng
082 _a620.1 G341T
100 _aGhosh, Ahindra
245 0 _aTextbook of materials and metallurgical thermodynamics /
_cGhosh, Ahindra
942 _2ddc
_cBK
999 _c28924
_d28924